Konflikt záujmov a ochrana verejného záujmu v samospráve

Konfliktné udalosti, ktoré môžu v samospráve vzniknúť, a to pri plnení pracovných povinností či vybavovaní stránok, alebo pri výkone funkcie starostu obce, poslanca obecného zastupiteľstva, alebo hlavného kontrolóra.

Na minha lista:
Detalhes bibliográficos
Autor principal: Sýkora, Jozef
Formato: Capítulo de Livro
Idioma:eslovaco
Assuntos:
Tags: Adicionar Tag
Sem tags, seja o primeiro a adicionar uma tag!

MARC

LEADER 00000naa a2200000 4500
001 0259871
005 20191125112929.2
041 0 |a slo 
044 |a SK 
245 1 0 |a Konflikt záujmov a ochrana verejného záujmu v samospráve  |c Jozef Sýkora 
520 |a Konfliktné udalosti, ktoré môžu v samospráve vzniknúť, a to pri plnení pracovných povinností či vybavovaní stránok, alebo pri výkone funkcie starostu obce, poslanca obecného zastupiteľstva, alebo hlavného kontrolóra. 
610 2 0 |a Slovensko 
610 2 0 |a záujmy verejné 
610 2 0 |a samospráva 
610 2 0 |a konflikty 
610 2 0 |a zákony 
100 1 |a Sýkora, Jozef